| 000 | 01354cad a22002295a 4500 | ||
|---|---|---|---|
| 001 | L159776 | ||
| 008 | 120529s2014 xxk 000 0 eng d | ||
| 035 | _a(Sirsi) u159776 | ||
| 041 | 0 | _aeng | |
| 050 | 0 | 4 | _a711.7 $2 18 |
| 110 | 2 |
_aSavills _92020 |
|
| 245 | 0 | 0 |
_aLondon infrastructure _bconnecting opportunities _h[electronic resource] |
| 260 |
_a[S.l.] _bSavills _c2014 |
||
| 520 | _aThe research has shown that the features homeowners value most about their home is the environment in which it is located. Factors such as neighbourhood, safety, greenery and access to amenities are cited as more important than simply building attractive buildings. These must be created by focussing on the relationship between individual developments and the wider area or in other words 'placemaking'. While the planning system often requires some form of mixed use development in large scale schemes, 'placemaking' is paramount in regeneration schemes which can?t rely on the services and amenities of established neighbourhoods. | ||
| 590 | _aKA NTK | ||
| 650 | 2 | 4 | _aHOUSING |
| 651 | 4 | _aENGLAND AND WALES | |
| 690 |
_aPlanning and development _96259 |
||
| 690 |
_aInfrastructure _96246 |
||
| 856 | 4 | 0 |
_uhttps://pdf.euro.savills.co.uk/residential---other/spotlight-london-infrastructure.pdf _zView the report free of charge at www.savills.co.uk |
| 942 | _n0 | ||
| 999 |
_c116104 _d116104 |
||